| 000 | 01066nam a2200253 4500 | ||
|---|---|---|---|
| 001 | 6020 | ||
| 010 | _a9789899044449 | ||
| 021 | _b482795/21 | ||
| 090 | _a6020 | ||
| 100 | _a20250925d2021 cd y0pory50030103ba | ||
| 200 | 1 |
_aO monstro da vergonha _fTânia Carneiro _gil. Ana Oliveira |
|
| 210 | 9 |
_aLisboa _cJacarandá _d2021 |
|
| 215 |
_a[50] p. _cil. |
||
| 330 | _a«Dentro de mim vive um Monstro. Esse Monstro chama-se Vergonha. É muito GRANDE e ocupa muito espaço, todo o meu espaço…» Neste livro, a psicoterapeuta Tânia Carmeiro conta-nos uma história de coragem e superação sobre a vergonha, um sentimento que surge em muitas crianças, em algum momento das suas vidas. E tu, serás capaz de vencer o medo e a vergonha? | ||
| 606 |
_914 _aLiteratura infantil |
||
| 606 |
_915 _aLiteratura Portuguesa |
||
| 675 |
_a82-93 _vBN _zpor |
||
| 675 |
_a821.134.3 _vBN _zpor |
||
| 675 |
_a159.942(0.053.5) _vBN _zpor |
||
| 700 |
_aCarneiro _bTânia _95706 |
||
| 701 |
_95707 _aOliveira _bAna |
||
| 801 | 0 |
_aPT _bBEN2VN _gRPC |
|
| 830 |
_cTãnia Croca _d31/12/2021 |
||
| 990 | _cLIVROS | ||